LEADER 01278nam a2200301 a 4500 001 000000130285 003 CaOOAMICUS 005 20120920151951.0 008 120920s2012 it u000 u ita r 020 $a978-88-13-32315-8 040 $aPUL$bita 082 04$a342.45 100 1 $aLumetti, Maria Vittoria.$0(OLS)http://pul/name/83485 245 10$aProcesso amministrativo e tutela cautelare /$cMaria Vittoria Lumetti. 260 $aPadova :$bCEDAM,$cİ2012. 300 $aXXXI, 702 p. ;$c24 cm. 490 1 $aStudi di diritto processuale e amministrativo ;$v06 504 $aBibliografia in nota. 650 4$aProcedura amministrativa$zItalia.$0(OLS)http://pul/subject/34886 830 0$aStudi di diritto processuale e amministrativo ;$v06.$0(OLS)http://pul/title/158328 850 $aPUL 852 $aPUL$W1$xSL Diritto e Scienze Sociali 3$y79$m342. 45 LUMMA 1$j150815$qDDC 21$B149390$CPULBib$Z2$F149390 $H120696 $82 941 1 $a9 996 $6020$a978-88-13-32315-8$9(OLS)http://pul/number/150546 996 $6082$a342.45$9(OLS)http://pul/classification/377 996 $6245$aProcesso amministrativo e tutela cautelare$9(OLS)http://pul/title/164672 996 $6260$aPadova :$bCEDAM$9(OLS)http://pul/publisher/48126 LEADER 01088nam a2200265 u 4500 001 000000058965 003 CaOOAMICUS 005 20070226120741.0 008 010619s1968 it u000 u ita u 035 $a10892941 040 $aPUL(R)$bita 100 1 $aLanciotti, Lionello.$0(OLS)http://pul/name/127 245 10$aChe cosa ha veramente detto Confucio /$cL. Lanciotti. 260 $aRoma :$bUbaldini,$c1968. 300 $a114 p. ;$c18 cm 490 1 $aChe cosa hanno "veramente" detto ;$v11 504 $a"Bibliografia essenziale": p. [115]. 600 04$aConfucius,$d551-479 a.C.$0(OLS)http://pul/subject/28038 830 0$aChe cosa hanno "veramente" detto ;$v11.$0(OLS)http://pul/title/39660 850 $aPUL 852 $aPUL$W1$xDP1 Altre Collocazioni$y17$mSenza collocazione$j12$nBK-PRI$b $qStampati$B76960$CPULBib$Z2$F76960 $H $81 941 1 $a8 960 $aConfucio,$d551-479 a.C.$928038 996 $6245$aChe cosa ha veramente detto Confucio$9(OLS)http://pul/title/78985 996 $6260$aRoma :$bUbaldini$9(OLS)http://pul/publisher/60242